书目信息 |
| 题名: |
肌肉健美训练图解
|
|
| 作者: | 刘振华、胡坚莉 | |
| 分册: | ||
| 出版信息: | 济南 山东科技出版社 2006 |
|
| 页数: | 124 | |
| 开本: | 20cm | |
| 丛书名: | ||
| 单 册: | ||
| 中图分类: | G833-64 | |
| 科图分类: | ||
| 主题词: | 体操 | |
| 电子资源: | ||
| ISBN: | 7-5331-3830-9 | |
| 000 | 00547nam0 2200181 450 | |
| 001 | 0736480453 | |
| 005 | 20070817100800.46 | |
| 010 | @a7-5331-3830-9@d¥49.00 | |
| 100 | @a20070817d km y0chiy0120 ea | |
| 101 | 0 | @achi |
| 200 | 1 | @a肌肉健美训练图解@Aji rou jian mei xun lian tu jie@f刘振华、胡坚莉@Fliu zhen hua、hu jian li |
| 210 | @a济南@c山东科技出版社@d2006 | |
| 215 | @a124@d20cm | |
| 606 | 0 | @a体操 |
| 690 | @aG833-64@v3 | |
| 701 | 0 | @a刘振华、胡坚莉@Aliu zhen hua、hu jian li |
| 801 | 0 | @aCN@bPFT@c20070817 |
| 905 | @a213230@dG833-64@et32@f1 | |
| 肌肉健美训练图解/刘振华、胡坚莉.-济南:山东科技出版社,2006 |
| 124;20cm |
| ISBN 7-5331-3830-9:¥49.00 |
| ● |
| 相关链接 |
|
|
|
|
正题名:肌肉健美训练图解
索取号:G833-64/t32
 
预约/预借
| 序号 | 登录号 | 条形码 | 馆藏地/架位号 | 状态 | 备注 |
| 1 | 6904105 | 269041057 | 密集书库-体育系/ [索取号:G833-64/t32] | 在馆 | |
| 2 | 6904106 | 269041066 | 体育系资料室/ [索取号:G833-64/t32] | 在馆 |